[Event "I Tancat w"]
[Site "Sabadell ESP"]
[Date "2010.05.18"]
[Round "5"]
[White "Matnadze,A"]
[Black "Aranaz Murillo,A"]
[Result "1-0"]
[WhiteElo "2409"]
[BlackElo "2161"]

1.d4 d5 2.c4 c6 3.Nf3 Nf6 4.g3 Bg4 5.Bg2 e6 6.O-O Nbd7 7.Nc3 Be7 8.Qb3 Qb6
9.c5 Qa6 10.Bg5 b6 11.Ne5 Nxe5 12.dxe5 Nd7 13.Bxe7 Kxe7 14.Qb4 Bxe2 15.cxb6+ c5
16.Qh4+ Kf8 17.Rfe1 Bb5 18.bxa7 Bc6 19.b4 Qxa7 20.Rac1 c4 21.a4 Bxa4 22.Ra1 Nb6
23.Qd4 g6 24.Nb5 Qb8 25.Nd6 Nc8 26.Nxc4 Qxb4 27.Reb1 Qxc4 28.Qxc4 dxc4 29.Bxa8 Bb3
30.Bc6 Ne7 31.Ba4 Bxa4 32.Rxa4 c3 33.Rb8+ Kg7 34.Rxh8 Kxh8 35.Kf1 Kg7 36.Ke2 h5
37.Kd3 Nd5 38.h4 Kf8 39.Ra8+ Ke7 40.Ra7+ Kf8 41.Ra5 Ke8 42.Rxd5 exd5 43.Kxc3 Kd7
44.Kd4 Ke6 45.f3 f6 46.f4  1-0

[Event "Campomanes Mem IM"]
[Site "Ankara TUR"]
[Date "2010.05.19"]
[Round "6"]
[White "Genov,Peta"]
[Black "Ali Marandi,C"]
[Result "1-0"]
[WhiteElo "2438"]
[BlackElo "2105"]

1.d4 d5 2.c4 c6 3.Nf3 Nf6 4.Qc2 g6 5.Bg5 Bg7 6.e3 O-O 7.Nc3 a6 8.a4 a5 9.Qb3 e6
10.Be2 Na6 11.h3 Nb4 12.O-O h6 13.Bf4 Ne4 14.Rad1 Nd6 15.Ne5 g5 16.Bh2 f6
17.Nf3 Kh8 18.Rfe1 b6 19.Na2 Nxa2 20.Qxa2 Rg8 21.Rc1 Bb7 22.Qb3 Nc8 23.cxd5 exd5
24.Bd3 Bf8 25.e4 Bb4 26.Red1 Ne7 27.Qc2 Qd7 28.exd5 Nxd5 29.Bf5 Qf7 30.Nd2 Rae8
31.Ne4 Rd8 32.Qb3 Rge8 33.Qf3 c5 34.dxc5 bxc5 35.Qb3 Qe7 36.Bg3 Kg7 37.h4 Ba8
38.Qf3 Nb6 39.Rxd8 Rxd8 40.Qh5 Qf7 41.Qxf7+ Kxf7 42.Bc7 Rd4 43.Nd6+ Kg7 44.Nb5 Rc4
45.Rd1 Nd5 46.Be6 Rd4 47.Nxd4 Nxc7 48.Nf5+ Kg6 49.h5+ Kxh5 50.Bf7+ Kg4 51.Nxh6+ Kf4
52.Rd7  1-0

[Event "4th All China Games Rapid"]
[Site "Hefei CHN"]
[Date "2010.05.19"]
[Round "9"]
[White "Wang Li"]
[Black "Zhang Pengxiang"]
[Result "0-1"]
[WhiteElo "2383"]
[BlackElo "2603"]

1.d4 d5 2.c4 c6 3.Nf3 dxc4 4.e3 Be6 5.a4 Nf6 6.Na3 Bd5 7.Nxc4 e6 8.Bd3 c5
9.O-O Nc6 10.Nce5 cxd4 11.Nxc6 bxc6 12.Nxd4 e5 13.Ne2 e4 14.Bc2 Bd6 15.Nc3 h5
16.f4 O-O 17.Qe2 Bc5 18.a5 Rb8 19.h3 Rb4 20.Nxd5 cxd5 21.Bd2 Rxb2 22.Bc3 Rxc2
23.Qxc2 Bxe3+ 24.Kh1 Qc7 25.Qb2 Rb8 26.Qa3 d4 27.Bb4 Qc2 28.Ra2 Qc4 29.Rb1 Nd5
30.Rab2 Bc1  0-1

[Event "4th All China Games Rapid"]
[Site "Hefei CHN"]
[Date "2010.05.20"]
[Round "11"]
[White "Lin Weiguo"]
[Black "Zhang Pengxiang"]
[Result "1-0"]
[WhiteElo "2440"]
[BlackElo "2603"]

1.d4 d5 2.Nf3 c6 3.c4 dxc4 4.e3 Be6 5.Nc3 Nf6 6.Be2 h6 7.a4 g6 8.e4 Bg7 9.O-O O-O
10.Ne5 a5 11.Nxc4 Na6 12.Be3 Nb4 13.Qc1 Ng4 14.Bxg4 Bxc4 15.Be2 Bxe2 16.Nxe2 Kh7
17.Ra3 Qd7 18.Bd2 h5 19.Rd1 Rfd8 20.Qc4 Qe6 21.Qxe6 fxe6 22.Bg5 Bf6 23.Bxf6 exf6
24.Rf3 f5 25.exf5 exf5 26.Nf4 Re8 27.h4 Re4 28.g3 Rae8 29.Rc3 Kh6 30.Kg2 Rxf4
31.gxf4 Re4 32.Kg3 Nd5 33.Rc5 Re2 34.b3 Nf6 35.f3 Re3 36.Kf2 Rxb3 37.Rxa5 Nd5
38.Kg3 Nc3 39.Re1 Ne4+ 40.Kg2 Rb2+ 41.Kh3 Rb3 42.Kg2 Rb2+ 43.Kh3 Rb3 44.Kg2 Nd2
45.Re7 Nxf3 46.Ra8 Nxh4+ 47.Kg1 g5 48.Re6+ Kg7 49.Rc8 gxf4 50.Rc7+ Kf8 51.Rh6 Rb1+
52.Kf2 Rb2+ 53.Ke1 Kg8 54.Re6 Kf8 55.Rh6 Kg8 56.Re6 Kf8 57.Rd6 Nf3+ 58.Kf1 Nh2+
59.Kg1 Nf3+ 60.Kf1 Nd2+ 61.Ke1 Nf3+ 62.Kd1 Rd2+ 63.Kc1 Rxd4 64.Rh6 Kg8 65.a5 Ne5
66.Re6 Nd3+ 67.Kc2 Kf8 68.Rh6 Kg8 69.Kc3 Rd5 70.Rxb7 Nc5 71.Ra7 Ne4+ 72.Kb2 Nd6
73.Rg6+ Kf8 74.Rh6 Kg8 75.a6 f3 76.Rxh5 f2 77.Rh1 Ra5 78.Rd1 Nf7 79.Kb3 Kg7
80.Rf1 Kf6 81.Rxf2 Rb5+ 82.Ka4 Rb1 83.Ra2 Ne5 84.Rb7 Rxb7 85.axb7 Nd7 86.Ka5 Ke7
87.Re2+  1-0

[Event "34th Open"]
[Site "Fourmies FRA"]
[Date "2010.05.22"]
[Round "1"]
[White "Ramdedovic,D"]
[Black "Lalic,B"]
[Result "0-1"]
[WhiteElo "1913"]
[BlackElo "2496"]

1.d4 d5 2.c4 dxc4 3.Nf3 c6 4.a4 Nf6 5.e3 Be6 6.Ne5 c5 7.Bxc4 Bxc4 8.Nxc4 Qd5
9.Nbd2 Qxg2 10.Qf3 Qxf3 11.Nxf3 Nbd7 12.b3 g6 13.Bb2 Bg7 14.Ke2 O-O 15.Rad1 Rac8
16.a5 Ne4 17.Rc1 cxd4 18.Bxd4 Ndc5 19.Bxg7 Kxg7 20.Nfd2 Rfd8 21.f3 Nxd2 22.Nxd2 Rxd2+  0-1

[Event "ch-PHI w"]
[Site "Tagaytay City PHI"]
[Date "2010.05.26"]
[Round "3"]
[White "Cua,Sherc"]
[Black "Salvador,A"]
[Result "0-1"]
[WhiteElo "2142"]
[BlackElo "2058"]

1.d4 d5 2.Nf3 Nf6 3.c4 c6 4.Nbd2 Bf5 5.g3 e6 6.Nh4 Bg4 7.h3 Bh5 8.Qb3 Qc7
9.g4 Bg6 10.Nxg6 hxg6 11.Bg2 Nbd7 12.e4 dxe4 13.Nxe4 Nxe4 14.Bxe4 O-O-O 15.Be3 f5
16.Bf3 e5 17.gxf5 exd4 18.Bxd4 Nc5 19.Bxc5 Bxc5 20.Rd1 Qe7+ 21.Kf1 gxf5 22.Be2 Rxd1+
23.Bxd1 Rd8 24.Qc2 Qg5 25.Be2 Qf4  0-1

[Event "2nd Limpedea Cup"]
[Site "Baia Sprie ROM"]
[Date "2010.05.27"]
[Round "4"]
[White "Manolache,M"]
[Black "Sieciechowicz,M"]
[Result "1-0"]
[WhiteElo "2527"]
[BlackElo "2427"]

1.d4 d5 2.c4 c6 3.Nf3 Nf6 4.Qc2 dxc4 5.e4 Bg4 6.Bxc4 Bxf3 7.gxf3 Qxd4 8.Be3 Qd7
9.Nc3 e6 10.Rg1 g6 11.f4 b5 12.Rd1 Qb7 13.Be2 Nbd7 14.f5 Bg7 15.fxe6 fxe6
16.Qb3 O-O 17.Qxe6+ Kh8 18.Qh3 Kg8 19.f4 Rae8 20.e5 Nxe5 21.fxe5 Rxe5 22.Bd4 Ree8
23.Rf1 Qe7 24.Rf3 b4 25.Re3 Qf7 26.Bxf6 Qxf6 27.Ne4 Qxb2 28.Rb3 Qc2 29.Qd3 Qxd3
30.Bxd3 Rf4 31.Ke2 Rexe4+ 32.Bxe4 Rxe4+ 33.Kf3 Rc4 34.Rd8+ Bf8 35.Rbd3 Kf7
36.R3d7+ Ke6 37.Rxa7 Bc5 38.Rxh7 Rc3+ 39.Ke2 Re3+ 40.Kd1 Ra3 41.Rg8 Bd4 42.Rxg6+ Kf5
43.Rg2 c5 44.Re2 c4 45.Rf7+ Kg6 46.Rf4 b3 47.Rg2+ Kh5 48.axb3 Ra1+ 49.Ke2 cxb3
50.Rxd4 b2 51.Rd8 Re1+ 52.Kf2 Rf1+ 53.Ke3 Re1+ 54.Kf4 Rf1+ 55.Ke5 Re1+ 56.Kf6 Rf1+
57.Kg7  1-0

[Event "Maia Chiburdanidze Cup"]
[Site "Tbilisi GEO"]
[Date "2010.05.27"]
[Round "3"]
[White "Arabidze,M"]
[Black "Mikadze,M"]
[Result "1-0"]
[WhiteElo "2298"]
[BlackElo "2351"]

1.d4 d5 2.c4 c6 3.Nf3 Nf6 4.g3 Bf5 5.Bg2 e6 6.Qb3 Qb6 7.Nc3 Nbd7 8.c5 Qxb3
9.axb3 a6 10.b4 Ne4 11.Nh4 Nxc3 12.bxc3 Bc2 13.c4 Be7 14.cxd5 exd5 15.Kd2 Bxh4
16.Kxc2 Bf6 17.Rd1 O-O 18.e4 dxe4 19.Bxe4 Rfe8 20.Bf3 Nf8 21.Ra3 Ne6 22.Be3 Nc7
23.d5 cxd5 24.Bxd5 Nxd5 25.Rxd5 Red8 26.Rxd8+ Rxd8 27.b5 axb5 28.Ra7 Rb8
29.Kb3 g5 30.Kb4 Kg7 31.Kxb5 Kg6 32.g4 h5 33.h3 Bd8 34.f4 hxg4 35.hxg4 gxf4
36.Bxf4 Rc8 37.Rxb7 f5 38.gxf5+ Kxf5 39.Bg3 Ke6 40.c6 Ra8 41.c7 Bxc7 42.Rxc7 Rg8
43.Bf2 Rg2 44.Bc5 Rg6 45.Kc4 Rg4+ 46.Bd4 Re4 47.Rc6+ Kf5 48.Kd5 Re2 49.Rf6+ Kg4
50.Rf8 Kg5 51.Be5 Kg4 52.Ke6 Re4 53.Rg8+ Kf3 54.Kf5 Rc4 55.Rg3+ Ke2 56.Ra3 Kd2
57.Ke6 Ke2 58.Kd5 Rg4 59.Bd4 Rg5+ 60.Kc4 Rg4 61.Re3+ Kf2 62.Re6+ Kf3 63.Kd3 Rf4
64.Re1 Rf5 65.Rg1 Rf4 66.Be5 Rf5 67.Kd4 Ke2 68.Ke4 Rf1 69.Rg2+ Rf2 70.Rg3 Rf1
71.Ra3 Rd1 72.Bf4 Rd7 73.Ra2+ Kd1 74.Be3 Ke1 75.Rh2 Kd1 76.Bd4 Rd8 77.Kd3 Re8
78.Ra2 Rc8 79.Bb6 Rc6 80.Be3 Rd6+ 81.Bd4 Rc6 82.Bc3 Rd6+ 83.Bd4 Rc6 84.Ra5 Rc8
85.Rb5 Rc6 86.Bc5 Kc1 87.Be3+  1-0

[Event "XXIX Open A"]
[Site "Zalakaros HUN"]
[Date "2010.05.28"]
[Round "3"]
[White "Voegerl,R"]
[Black "Bereczki,J"]
[Result "0-1"]
[WhiteElo "2064"]
[BlackElo "2229"]

1.d4 d5 2.c4 c6 3.Nf3 Nf6 4.g3 Bf5 5.Bg2 Bxb1 6.Rxb1 Qa5+ 7.Bd2 Qxa2 8.cxd5 Qxd5
9.O-O e6 10.Re1 Be7 11.e4 Qd8 12.Bc3 O-O 13.Qc2 Nbd7 14.Rbd1 Re8 15.Ng5 h6
16.Nh3 Qc7 17.f4 c5 18.d5 exd5 19.exd5 Bd6 20.Nf2 c4 21.Kh1 Qb6 22.Ne4 Bb4
23.Bd4 Qb5 24.Nc3 Rxe1+ 25.Rxe1 Bxc3 26.bxc3 Qa6 27.h3 Rd8 28.g4 b5 29.g5 Nh5
30.Qf2 hxg5 31.fxg5 Qd6 32.Bc5 Nxc5  0-1

[Event "ch-PHI w"]
[Site "Tagaytay City PHI"]
[Date "2010.05.30"]
[Round "6"]
[White "Cua,Sherc"]
[Black "Perena,C"]
[Result "0-1"]
[WhiteElo "2142"]
[BlackElo "2090"]

1.d4 d5 2.Nf3 Nf6 3.c4 c6 4.Nbd2 Bf5 5.g3 h6 6.Bg2 e6 7.O-O Nbd7 8.b3 Bd6
9.Bb2 O-O 10.h3 Re8 11.Ne5 Rc8 12.a3 Ne4 13.Nxd7 Qxd7 14.Rc1 Rcd8 15.Nf3 Qe7
16.b4 dxc4 17.Rxc4 e5 18.Qa1 Ng5 19.Nxg5 hxg5 20.dxe5 Bxe5 21.Bxe5 Qxe5 22.Rc5 Qxa1
23.Rxa1 Be4 24.Bxe4 Rxe4 25.e3 f6 26.Ra2 Kh7 27.Kg2 Rd1 28.Kf3 Re7 29.Rcc2 Red7
30.a4 Kg6 31.a5 a6 32.Rab2 Kf5 33.Rc4 Ke6 34.h4 gxh4 35.Rxh4 R1d5 36.Rc4 Rb5
37.e4 Rd3+ 38.Ke2 Ra3 39.Kd2 Raxa5 40.Kc3 Ra3+ 41.Kd4 a5 42.f4 Rxg3 43.Ra2 axb4  0-1

[Event "ch-CRO Playoff"]
[Site "Zagreb CRO"]
[Date "2010.05.31"]
[Round "4"]
[White "Jankovic,A"]
[Black "Saric,Iv"]
[Result "1/2-1/2"]
[WhiteElo "2559"]
[BlackElo "2580"]

1.d4 d5 2.c4 c6 3.Nf3 Nf6 4.Qc2 g6 5.Bf4 Bg7 6.e3 O-O 7.Nc3 Na6 8.Be2 Bf5
9.Qb3 Qb6 10.Qxb6 axb6 11.cxd5 Nxd5 12.Nxd5 cxd5 13.Kd2 Nb4 14.a3 Rfc8 15.Rhc1 Nc6
16.Rc3 f6 17.Rac1 e5 18.Bg3 Bh6 19.dxe5 d4 20.Rc4 Rd8 21.Ke1 fxe5 22.Rd1 dxe3
23.Nxe5 Rxd1+ 24.Bxd1 exf2+ 25.Kxf2 Rd8 26.Bb3 Rd2+ 27.Ke1 Rxb2 28.Nxc6 Rb1+
29.Kf2 Rxb3 30.Ne7+ Kf7 31.Nxf5 gxf5 32.Rc7+ Kg6 33.Bd6 Be3+ 34.Ke2 Bc5 35.Bxc5 bxc5
36.Rxc5 Rxa3 37.Rb5 Ra2+  1/2-1/2

[Event "1st Open"]
[Site "Di Roseto ITA"]
[Date "2010.06.04"]
[Round "1"]
[White "Epishin,V"]
[Black "Prelati,M"]
[Result "1-0"]
[WhiteElo "2611"]
[BlackElo "2120"]

1.d4 c6 2.c4 d5 3.Nf3 Nf6 4.Qb3 e6 5.Bg5 Nbd7 6.Nc3 Qc7 7.e3 a5 8.a3 Ne4
9.Bf4 Bd6 10.Bxd6 Nxd6 11.c5 Nf5 12.Na4 O-O 13.Rc1 e5 14.Nb6 Nxb6 15.cxb6 Qe7
16.dxe5 c5 17.Qxd5 Be6 18.Qe4 f6 19.Bc4 Kh8 20.O-O Bxc4 21.Rxc4 Qe6 22.exf6 Qxf6
23.Rxc5 Nd6 24.Qd4 Qe7 25.Rc7 Qf6 26.Rd1 Rad8 27.Qxf6  1-0

[Event "Rapid Open"]
[Site "Hustopece CZE"]
[Date "2010.06.05"]
[Round "1"]
[White "Urban,V"]
[Black "Laznicka,V"]
[Result "1-0"]
[WhiteElo "2043"]
[BlackElo "2636"]

1.d4 d5 2.c4 c6 3.Nf3 Nf6 4.Qc2 g6 5.Nc3 Bg7 6.Bf4 dxc4 7.e3 Bf5 8.e4 Bg4
9.Bxc4 Bxf3 10.gxf3 Qxd4 11.Qb3 O-O 12.Be3 Qd7 13.Rd1 Qc7 14.Qa3 b5 15.Bb3 a5
16.Qc5 Na6 17.Qb6 Qxb6 18.Bxb6 a4 19.Bc2 Rfb8 20.Be3 Nh5 21.f4 a3 22.e5 axb2
23.Rb1 Bh6 24.Ne2 Nb4 25.Rxb2 Nd5 26.Be4 e6 27.O-O Ra4 28.Bc2 Ra3 29.Bc5 Ra6
30.Be3 Nhxf4 31.Nxf4 Bxf4 32.Bxf4 Nxf4 33.Be4 c5 34.Rc1 Ra4 35.Bb1 c4 36.Rc3 Nd5
37.Rc1 c3 38.Rb3 Rd4 39.f3 b4 40.Be4 Ra8  1-0

[Event "FSIMB June"]
[Site "Budapest HUN"]
[Date "2010.06.08"]
[Round "4"]
[White "Tran Tuan Minh"]
[Black "Farago,S"]
[Result "1-0"]
[WhiteElo "2211"]
[BlackElo "2268"]

1.d4 d5 2.Nf3 Nf6 3.c4 c6 4.Qc2 g6 5.e3 a6 6.Bd3 Bg7 7.O-O O-O 8.b3 Nbd7
9.Bb2 b6 10.Nbd2 Bb7 11.Rad1 Qb8 12.Rfe1 e6 13.e4 Rc8 14.Qb1 a5 15.a3 Re8
16.Qa1 Ba6 17.a4 c5 18.exd5 exd5 19.Bf1 Rxe1 20.Rxe1 Qd8 21.dxc5 Nxc5 22.cxd5 Bxf1
23.Rxf1 Nh5 24.Bxg7 Nxg7 25.Nc4 Nxb3 26.Qd1 Nc5 27.Nfe5 f6 28.Nc6 Qc7 29.Qf3 Rf8
30.d6 Qb7 31.Re1 Nf5 32.g4 Qf7 33.Ne7+ Kh8 34.gxf5 Qxc4 35.fxg6 Qh4 36.Kh1 Qh6
37.Rg1 Ne6 38.Qf5 Ng7 39.Qf3 Qh5 40.Qxh5 Nxh5 41.d7 Rd8 42.Rd1 hxg6 43.Nc6  1-0

[Event "9th TCh-BIH Premier"]
[Site "Bihac BIH"]
[Date "2010.06.12"]
[Round "8"]
[White "Kurajica,B"]
[Black "Obarcanin,N"]
[Result "1-0"]
[WhiteElo "2548"]
[BlackElo "2061"]

1.Nf3 Nf6 2.d4 d5 3.c4 c6 4.Qb3 e6 5.g3 Be7 6.Bg2 O-O 7.O-O Nbd7 8.Nc3 Re8
9.Nd2 Qb6 10.e3 Qb4 11.Qc2 Bf8 12.a3 Qa5 13.b3 Qc7 14.Bb2 a6 15.Rac1 b5 16.cxd5 cxd5
17.Nxd5  1-0

[Event "Open"]
[Site "Teplice CZE"]
[Date "2010.06.12"]
[Round "1"]
[White "Grabarczyk,M"]
[Black "Grussova,H"]
[Result "1-0"]
[WhiteElo "2456"]
[BlackElo "1957"]

1.d4 d5 2.c4 c6 3.Nf3 Nf6 4.Qc2 e6 5.g3 dxc4 6.Qxc4 b5 7.Qd3 Bb7 8.Bg2 Nbd7
9.O-O a6 10.Be3 c5 11.dxc5 Bxc5 12.Bxc5 Nxc5 13.Qe3 Rc8 14.Rc1 Ncd7 15.Nbd2 O-O
16.Nb3 Bd5 17.Qa7 Qb6 18.Qxb6 Nxb6 19.Nc5 a5 20.Nd4 Bxg2 21.Kxg2 b4 22.Nb7 a4
23.Nc6 Rc7 24.Nba5 Ra8 25.f4 Kf8 26.Kf3 Nbd5 27.e4 Ne7 28.Nxe7 Rxe7 29.Nc6 Rb7
30.Rc4 b3 31.a3 Rd7 32.Nd4 Ne8 33.Rac1 Nd6 34.Rc7 Ke8 35.e5 Nf5 36.Nxf5 exf5
37.Rxd7 Kxd7 38.Ke3 Ra7 39.Kd4 Ke7 40.Rc4 Ra6 41.Kd5 Rh6 42.h4 Rg6 43.Rxa4 Rxg3
44.Rb4 Rf3 45.a4 Rf2 46.Rxb3 Rxf4 47.Rb7+ Kd8 48.a5 Ra4 49.b4 f4 50.Ke4 Kc8
51.Rb6 Kc7 52.Kxf4 Ra1 53.h5 Rh1 54.h6 gxh6 55.Rf6 Rh4+ 56.Kf5 Rxb4 57.Rxf7+ Kc8
58.a6 Ra4 59.a7  1-0

[Event "TCh-SUI 2010"]
[Site "Switzerland SUI"]
[Date "2010.06.13"]
[Round "4.5"]
[White "Gerber,R"]
[Black "Domont,A"]
[Result "0-1"]
[WhiteElo "2384"]
[BlackElo "2347"]

1.d4 d5 2.c4 c6 3.Nf3 Nf6 4.g3 dxc4 5.Bg2 b5 6.a4 Bb7 7.b3 cxb3 8.Ne5 b4
9.a5 Nfd7 10.a6 Bc8 11.Nxc6 Nxc6 12.Bxc6 Rb8 13.d5 Rb6 14.Nd2 Rxc6 15.dxc6 Nc5
16.O-O Bh3 17.Nxb3 Bxf1 18.Qxd8+ Kxd8 19.Nxc5 Bxe2 20.Be3 Kc7 21.Nd7 g6 22.Rc1 Bg7
23.Bf4+ e5 24.Bd2 b3 25.Ba5+ Kd6 26.Bb4+ Kc7 27.Ba5+ Kc8 28.Rc3 Bb5 29.Rxb3 Bxc6
30.Nc5 Bf8 31.Nd3 Bd6 32.Bd2 Kd7 33.Be3 Rb8 34.Nc5+ Ke7 35.Nb7 Bd5 36.Rb2 Rc8
37.Rb1 Bb8 38.Nc5 f5 39.Rd1 Bc6 40.Bg5+ Kf7 41.Nb7 Bf3 42.Nd8+ Ke8 43.Rb1 h6
44.Bf6 Bc7 45.Ne6 Bd6 46.Nd8 Rxd8 47.Bxd8 Kxd8  0-1

[Event "4th Ruy Lopez Masters"]
[Site "Villafranca ESP"]
[Date "2010.06.13"]
[Round "2"]
[White "Sargissian,G"]
[Black "Salgado Lopez,I"]
[Result "1/2-1/2"]
[WhiteElo "2677"]
[BlackElo "2606"]

1.d4 d5 2.c4 c6 3.Nf3 Nf6 4.Qb3 dxc4 5.Qxc4 Bf5 6.g3 e6 7.Bg2 Be7 8.O-O O-O
9.e3 Nbd7 10.Qe2 Qc7 11.Nc3 e5 12.Nxe5 Nxe5 13.dxe5 Qxe5 14.e4 Be6 15.f4 Qc5+
16.Be3 Qb4 17.a3 Qb3 18.Rf2 Ng4 19.f5 Nxe3 20.Qxe3 Bc4 21.Bf1 Rfe8 22.Kg2 Bf6
23.Bxc4 Qxc4 24.Re2 Rad8 25.Rd1 Rxd1 26.Nxd1 h6 27.Nf2 c5 28.Ng4 Bd4 29.Qf3 f6  1/2-1/2

[Event "4th Open"]
[Site "Varna BUL"]
[Date "2010.06.14"]
[Round "3"]
[White "Sadzikowski,D"]
[Black "Komarov,Di"]
[Result "1/2-1/2"]
[WhiteElo "2258"]
[BlackElo "2521"]

1.d4 d5 2.c4 c6 3.Nf3 dxc4 4.a4 Bg4 5.Ne5 Bh5 6.Nc3 e6 7.g4 Bg6 8.h4 Bb4
9.h5 Be4 10.f3 c5 11.dxc5 Qxd1+ 12.Kxd1 Bc6 13.Nb5 Bxb5 14.axb5 Bxc5 15.e3 Nd7
16.Nxd7 Rd8 17.Bxc4 Nf6 18.Ke2 Nxd7 19.b3 Ke7 20.Ba3 Ra8 21.Rhd1 Rhc8 22.Ra2  1/2-1/2

[Event "14th FIDE Open"]
[Site "Voronezh RUS"]
[Date "2010.06.14"]
[Round "3"]
[White "Nazarov,I"]
[Black "Ajrapetian,N"]
[Result "0-1"]
[WhiteElo "1891"]
[BlackElo "2071"]

1.Nf3 d5 2.d4 Nf6 3.c4 c6 4.Nbd2 e6 5.a3 Be7 6.g3 O-O 7.Bg2 Nbd7 8.O-O Qc7
9.c5 e5 10.e3 e4 11.Ne1 b6 12.cxb6 axb6 13.Nc2 Ba6 14.Re1 c5 15.dxc5 Nxc5
16.Bf1 Nd3 17.Bxd3 Bxd3 18.Nd4 Qd7 19.Kg2 h5 20.N2b3 h4 21.Bd2 Ng4 22.Bc3 Rfc8
23.Rc1 Rc7 24.Ne2 Rc6 25.Nf4 Rh6 26.h3 Nxf2 27.Kxf2 hxg3+ 28.Kxg3 g5 29.Kh2 Bd6
30.Kg2 gxf4 31.Qg4+ Rg6  0-1

[Event "Open"]
[Site "Teplice CZE"]
[Date "2010.06.15"]
[Round "4"]
[White "Spirin,O"]
[Black "Bartos,J"]
[Result "1-0"]
[WhiteElo "2462"]
[BlackElo "2201"]

1.d4 d5 2.Nf3 Nf6 3.c4 c6 4.Qb3 e6 5.g3 Be7 6.Bg2 O-O 7.O-O b6 8.Bf4 Bb7
9.Nc3 Nbd7 10.Rfd1 a6 11.cxd5 cxd5 12.a4 a5 13.Nb5 Ne8 14.Rac1 Ba6 15.Rc2 Bxb5
16.Qxb5 Nd6 17.Bxd6 Bxd6 18.Rc6 Qe7 19.Rdc1 Ra7 20.Ne1 g6 21.Nd3 Kg7 22.e3 Rb8
23.f3 Rbb7 24.e4 dxe4 25.fxe4 Bb8 26.e5 Rc7 27.Re1 Rxc6 28.Bxc6 Rc7 29.Kg2 Ba7
30.Nf4 Nb8 31.d5 Qb4 32.Re2 exd5 33.Nxd5 Qxb5 34.axb5 Rc8 35.e6 fxe6 36.Rxe6 Kf8
37.Rf6+ Kg7 38.Re6 Kf8 39.Re7 Nxc6 40.bxc6 Rxc6 41.Rxa7 Rc2+ 42.Kh3 Rxb2
43.Ra6 g5 44.Kg4 Rxh2 45.Kxg5 Rb2 46.Nxb6 Rb3 47.g4 Rb4 48.Nd7+ Ke7 49.Ne5 Rb5
50.Kf4 Rb4+ 51.Kf5 Rb1 52.Rxa5 Rf1+ 53.Kg5 Ke6 54.Nd3 Rf7 55.Nf4+ Kd6 56.Ra6+ Ke5
57.Re6+ Kd4 58.Nh5 Kd5 59.Re1 Kd6 60.Nf6 Rg7+ 61.Kf5 Ra7 62.Re6+ Kc5 63.g5 Rb7
64.Re8 Kd6 65.Kg4  1-0

[Event "Open"]
[Site "Teplice CZE"]
[Date "2010.06.16"]
[Round "5"]
[White "Spirin,O"]
[Black "Ivanov,MM"]
[Result "1/2-1/2"]
[WhiteElo "2462"]
[BlackElo "2480"]

1.d4 d5 2.Nf3 c6 3.c4 Nf6 4.Qb3 e6 5.g3 dxc4 6.Qxc4 b5 7.Qc2 Bb7 8.Nbd2 Nbd7
9.Nb3 Qb6 10.Bg2 c5 11.dxc5 Bxc5 12.Nxc5 Qxc5 13.Qxc5 Nxc5 14.Be3 Na4 15.Bd4 O-O
16.b3 Nb6 17.O-O Nfd7 18.a4 bxa4 19.bxa4 Nd5 20.Rfc1 a5 21.Nd2 Rfc8 22.e3 f6
23.Nc4 Ra6 24.Rab1 Ba8 25.Na3 Rxc1+ 26.Rxc1 Rc6 27.Rb1 Rc8 28.Nb5 Kf8 29.Bb2 Rc4
30.Ba3+ Kg8 31.Nd4 Rc8 32.Rc1 Bb7  1/2-1/2

[Event "14th FIDE Open"]
[Site "Voronezh RUS"]
[Date "2010.06.18"]
[Round "6"]
[White "Fedotov,Nikita2"]
[Black "Chernov,Vl2"]
[Result "1-0"]
[WhiteElo "1756"]
[BlackElo "1992"]

1.d4 d5 2.c4 c6 3.Nf3 Nf6 4.Qc2 g6 5.Bf4 Bf5 6.Qb3 Qb6 7.c5 Qxb3 8.axb3 Na6
9.Bd2 Bg7 10.e3 Nc7 11.Nc3 O-O 12.Be2 Nd7 13.O-O e5 14.b4 a6 15.Na4 e4 16.Ne1 Be6
17.Nc2 f5 18.Rad1 Rf7 19.g3 Ne8 20.Na1 g5 21.Nb3 g4 22.Ra1 Nef6 23.Rfc1 h5
24.Nb6 Rb8 25.b5 axb5 26.Ra7 Nxb6 27.cxb6 Nd7 28.Nc5 Nxc5 29.Rxc5 h4 30.Rc1 Bf8
31.Rca1 Bd6 32.Kg2 Bd7 33.R1a5 Kg7  1-0

[Event "4th Open"]
[Site "Varna BUL"]
[Date "2010.06.19"]
[Round "8"]
[White "Rusev,K"]
[Black "Komarov,Di"]
[Result "1/2-1/2"]
[WhiteElo "2553"]
[BlackElo "2521"]

1.d4 d5 2.c4 c6 3.Nf3 Nf6 4.Qc2 dxc4 5.Qxc4 Bf5 6.g3 e6 7.Bg2 Be7 8.O-O O-O
9.Re1 Nbd7 10.Nc3 Ne4 11.e3  1/2-1/2

[Event "14th FIDE Open"]
[Site "Voronezh RUS"]
[Date "2010.06.19"]
[Round "7"]
[White "Oganian,M"]
[Black "Popov,Andrey2"]
[Result "1-0"]
[WhiteElo "2112"]
[BlackElo "2061"]

1.d4 d5 2.c4 c6 3.Nf3 Nf6 4.Qc2 g6 5.Bf4 dxc4 6.Qxc4 Bg7 7.Nc3 O-O 8.e4 Nbd7
9.Be2 Nb6 10.Qd3 Be6 11.b3 a5 12.O-O a4 13.Ng5 Bc8 14.b4 h6 15.Nf3 Be6 16.Nd2 Ng4
17.Bxg4 Bxg4 18.e5 Bf5 19.Qe3 Kh7 20.Rfd1 Nd5 21.Nxd5 Qxd5 22.Qc3 Be6 23.f3 Rfd8
24.Ne4 Bf5 25.Ng3 Be6 26.Be3 f6 27.f4 f5 28.Qc5 Rd7 29.Ne2 Qe4 30.Kf2 Bd5
31.Rg1 Qd3 32.Qc3 Qb5 33.Qc5 Qd3 34.Rad1 Qc4 35.a3 Qb3 36.Qc3 e6 37.Rb1 Qc4
38.Rgc1 Qb5 39.Qd2 Qa6 40.Rc3 Bf8 41.Rb2 Be7 42.Qd3 Qxd3 43.Rxd3 Bc4 44.Rc3 Bb5
45.Rc1 Bxe2 46.Kxe2 Rd5 47.Rc3 Rad8 48.Kd3 R8d7 49.Kc2 g5 50.g3 Kg6 51.Kd3 h5
52.Ke2 g4 53.Kf2 Kf7 54.Ke2 Bd8 55.Rc5 Bb6 56.Rxd5 Rxd5 57.Kd3 Ke7 58.Kc4 Rb5
59.Bf2 Kd8 60.Be3 Kc7 61.h3 Ba7 62.hxg4 hxg4 63.Rh2 Rd5 64.Rh5 Kd7 65.Rh7+ Kc8
66.Re7 Rd7 67.Rxe6 Rh7 68.Rf6 Rh3  1-0

[Event "14th Master Open"]
[Site "Voronezh RUS"]
[Date "2010.06.19"]
[Round "7"]
[White "Bezgodov,A"]
[Black "Yatzenko,A"]
[Result "1/2-1/2"]
[WhiteElo "2494"]
[BlackElo "2345"]

1.Nf3 Nf6 2.d4 d5 3.c4 c6 4.Qb3 e6 5.g3 dxc4 6.Qxc4 b6 7.Bg2 Ba6 8.Qa4 Bb5
9.Qb3 Nbd7 10.Nc3 Ba6 11.O-O Be7 12.Rd1 Qc8 13.Bf4 O-O 14.Rac1 Nd5 15.Nxd5 exd5
16.e4 dxe4 17.Nd2 Nf6 18.Nxe4 Nd5 19.Be5 Qd7 20.Nc3 Nb4 21.Be4 Qe6 22.Qxe6 fxe6
23.a3 Nd5 24.Nxd5 exd5 25.Bg2 Bc4 26.Rc3 b5 27.Re3 b4 28.Bxg7 Kxg7 29.Rxe7+ Rf7
30.Rxf7+ Kxf7 31.Rc1 Ke7 32.axb4 Kd6 33.Ra1 a6 34.Bf1 Rb8 35.Ra4 Re8 36.Bxc4 dxc4
37.Kf1 Kd5 38.Rxa6 Rb8 39.Ra4 Kxd4  1/2-1/2

[Event "70th ch-ITA S/F"]
[Site "Torino ITA"]
[Date "2010.06.20"]
[Round "1"]
[White "Ferro,Ma"]
[Black "Velluti,A"]
[Result "1-0"]
[WhiteElo "2259"]
[BlackElo "1932"]

1.d4 d5 2.Nf3 Nf6 3.c4 c6 4.Qc2 Bg4 5.Ne5 Bh5 6.cxd5 Qxd5 7.e3 e6 8.Nc3 Bb4
9.Bd2 Bxc3 10.bxc3 Nbd7 11.Nxd7 Qxd7 12.e4 Bg6 13.f3 O-O 14.Qb2 Rfe8 15.Be2 Rad8
16.Rd1 Qc7 17.O-O e5 18.Bg5 h6 19.Bh4 exd4 20.cxd4 Qf4 21.Bg3 Qg5 22.d5 Nxd5
23.exd5 Qe3+ 24.Rf2 cxd5 25.Qd4 Qa3 26.Bb5 Re6 27.Bc7 Rc8 28.Qxd5 Qc3 29.Bf4 Rc5
30.Qd8+ Kh7 31.Bd3 Re1+ 32.Rxe1 Qxe1+ 33.Rf1 Qe6 34.Qd4 Ra5 35.Bxg6+ Qxg6
36.a4 Qc2 37.Ra1 Ra6 38.a5 Re6 39.Be3 Qb3 40.Bf2 a6 41.Rd1 Qb5 42.Qd3+ Rg6
43.Qxb5 axb5 44.Rd7 Ra6 45.Bb6 b4 46.Rd4  1-0

[Event "14th FIDE Open"]
[Site "Voronezh RUS"]
[Date "2010.06.20"]
[Round "8"]
[White "Kasantsev,A"]
[Black "Napalkov,V"]
[Result "1/2-1/2"]
[WhiteElo "2048"]
[BlackElo "2183"]

1.d4 d5 2.c4 c6 3.Nf3 Nf6 4.Qb3 e6 5.Bg5 Nbd7 6.Nc3 Be7 7.e3 O-O 8.Bd3 c5
9.cxd5 cxd4 10.exd4 Nxd5 11.Bxe7 Nxe7 12.O-O b6 13.Qc2 Nf6 14.Rad1 Bb7 15.Ng5 h6
16.Nh7 Nxh7 17.Bxh7+ Kh8 18.Be4 Qd7 19.Qe2 Bxe4 20.Qxe4 Rad8 21.Rd3 Nd5 22.Rfd1 Qe7
23.a3 Rd7 24.g3 Rfd8 25.f4 Qf6 26.Qe5 Qg6 27.Qe4 Qxe4 28.Nxe4 Ne7 29.Nc3 g6
30.Kf2 Kg7 31.Ke2 h5 32.Kf3 Nd5 33.Nxd5  1/2-1/2

[Event "70th ch-ITA S/F"]
[Site "Torino ITA"]
[Date "2010.06.23"]
[Round "4"]
[White "Passerotti,P"]
[Black "Bianco,V"]
[Result "1/2-1/2"]
[WhiteElo "2258"]
[BlackElo "2210"]

1.d4 d5 2.c4 c6 3.Nf3 Nf6 4.Qb3 e6 5.Bf4 Nbd7 6.e3 Ne4 7.Bd3 g5 8.cxd5 cxd5
9.Bg3 h5 10.Bxe4 dxe4 11.Nfd2 h4 12.Be5 Nxe5 13.dxe5 Bg7 14.Nxe4 O-O 15.f4 gxf4
16.exf4 Qd4 17.Nbd2 Bd7 18.Qc3 Qd5 19.O-O Rac8 20.Qh3 Bc6 21.Rf2 f6 22.exf6 Bxf6
23.Qg4+ Bg7 24.Ng5 Rf6 25.Ndf3 Rh6 26.Re1 Qf5 27.Qxf5 exf5 28.Ne5 Rd6 29.Ngf3 Bf6
30.Nxc6 Rdxc6 31.Ne5 Rc2 32.Rfe2 Bxe5 33.fxe5 Kf7 34.e6+ Ke7 35.Kf2 R8c6
36.Kf3 Rxe2 37.Rxe2 Rxe6 38.Rc2 Kf6 39.b3 Re4 40.Rc7 Rb4 41.Rc4 Rxc4 42.bxc4 Ke5
43.g3 hxg3 44.Kxg3 Ke4 45.Kf2 Kf4 46.a4 b6 47.Ke2 Ke4 48.Kf2 Kf4 49.h3 a5
50.Kg2 Ke3 51.h4 Ke2 52.Kg3 Ke3 53.Kg2 Ke2  1/2-1/2

[Event "IsBank TCh-TUR"]
[Site "Konya TUR"]
[Date "2010.06.29"]
[Round "1"]
[White "Ulusoy,Nisan"]
[Black "Sahin,Handenur"]
[Result "*"]
[WhiteElo "1613"]
[BlackElo "1656"]

1.d4 d5 2.c4 c6 3.Nf3 Nf6 4.Qc2 e6 5.g3 Bd6 6.Bg2 Nbd7 7.b3 O-O 8.Bb2 Qe7
9.O-O b6 10.Nbd2 Bb7 11.e3 Rac8 12.Rac1 c5 13.Qd1 Rc7 14.Qe2 Rfc8 15.Rc2 cxd4
16.exd4 Bb4 17.Rfc1 Ba6 18.Qd1 Nb8 19.Qe1 dxc4 20.bxc4 Bxc4  *

[Event "IsBank TCh-TUR"]
[Site "Konya TUR"]
[Date "2010.07.02"]
[Round "5"]
[White "Guramishvili,S"]
[Black "Yaka,B"]
[Result "1-0"]
[WhiteElo "2289"]
[BlackElo "1534"]

1.Nf3 Nf6 2.c4 c6 3.d4 d5 4.Qc2 g6 5.cxd5 cxd5 6.e3 Bg7 7.Bd3 O-O 8.Bd2 Nc6
9.h3 Bd7 10.a3 Rc8 11.Nc3 a6 12.O-O b5 13.b4 Qc7 14.Qb3 Rfd8 15.a4 Qd6 16.axb5 Qxb4
17.Qd1 Qd6 18.bxc6 Rxc6 19.Ne5 Rb6 20.Na4 Bxa4 21.Rxa4 Rdb8 22.Ba5 Rb3 23.Qc2 Qe6
24.Bc7 Rb2 25.Qc1  1-0